| 000 | 00429caa a22001692a 4500 | ||
|---|---|---|---|
| 001 | 000864 | ||
| 003 | AR-FADEU | ||
| 008 | 311216n############xxu####################dd | ||
| 092 | _aPP(323.4)HEC | ||
| 100 | _aCafiero, Juan Pablo | ||
| 245 | _bEstado, Democracia y Derechos Humanos | ||
| 245 | _aHechos y derechos | ||
| 300 | _a49-51 | ||
| 260 | _c1995/96 | ||
| 650 | _aESTADO; DEMOCRACIA; DERECHOS HUMANOS | ||
| 942 | _cPPGR | ||
| 999 |
_c3642 _d3642 |
||